00987 2200313 4500001002100000005001500021035002000036007000300056008004100059020002200100082001400122084001600136100002400152245014500176250003000321300003500351500003000386650002000416700003100436700002500467264003400492336002100526337003000547338002300577040002100600850001200621990002000633990002000653INLIS00000000087571320221215111539 a0010-1222000149ta221207b2022 jkia g ind d a978-623-242-315-2 4223a649.1 a649.1 FOX r1 aFox, MemePengarang10aReading magic :bkeajaiban membacakan nyaring yang melejitkan kecerdasan anak /cMem Fox; penerjemah, Ingrid Nimpoeno; penyunting, HP Melati aCetakan pertama: Mei 2022 a212 halaman :bgambar ;c21 cm aJudul asli: reading magic 4aPengasuhan anak0 aIngrid NimpoenoePengarang0 aHP MelatiePengarang31aJakarta :bNoura Books,c2022 2rdacontentateks 2rdamediaatanpa perantara 2rdacarrieravolume aYOPDYOGbiderda aYOPDYOG a47652-PD/B.2022 a47653-PD/B.2022